Naruto - Hôtes (par images) - Statistiques

Statistiques générales
  • Ce quiz a été pris 45 fois
  • Le résultat moyen est 14 sur 18
Statistiques - réponses
Par images Hint Réponse % Correct
Shukaku Gaara
100%
Jûbi Madara Uchiwa
100%
Kurama Naruto Uzumaki
100%
Kurama Kushina Uzumaki
97%
Jûbi Obito Uchiwa | Tobi
97%
Kurama Minato Namikaze
95%
Isobu Rin Nohara
92%
Gyûki Killer B
89%
Saiken Utakata
82%
Isobu Yagura
82%
Jûbi Hagoromo Ôtsutsuki
76%
Kurama Mito Uzumaki
74%
Chômei
71%
Son Gokû Rôshi
68%
Kokuô Han
66%
Matatabi Yugito Nii
63%
Gyûki Fukaï | Blue B
37%
Shukaku Bunpuku
24%
Aucun quiz correspondant
Distribution des résultats
% des personnes avec chaque résultat
Percentile par nombre de réponses
Votre historique - résultats
Vous n’avez pas pris ce quiz